[Event "Olimpiade 2014 - Open"]
[Site "Tromsø"]
[Date "06.08.2014"]
[Round "5.77"]
[Board "3"]
[White "Li Ying, Patrick"]
[Black "Ibarhim, Firaq"]
[Result "1-0"]
[WhiteTitle "CM"]
[WhiteElo "2125"]
[BlackElo "1532"]
[WhiteTeam "Mauritius"]
[BlackTeam "Maldives"]
[WhiteFideId "9700056"]
[BlackFideId "16700120"]
[EventDate "2014.08.02"]

1. d4 d5 2. Nf3 Nf6 3. Bf4 e6 4. e3 c5 5. c3 Be7 6. h3 O-O 7. Bd3 Nc6 8. O-O c4
9. Bc2 h6 10. Nbd2 Bd6 11. Ne5 Qc7 12. Ndf3 Nd7 13. Nxc6 Qxc6 14. Ne5 Qc7 15.
Qh5 Nf6 16. Qf3 Nd7 17. Qg3 Bxe5 18. dxe5 Kh8 19. Qh4 Nxe5 20. Bxh6 Ng6 21. Bxg6
fxg6 22. Bf4+ 1-0

[Event "Olimpiade 2014 - Open"]
[Site "Tromsø"]
[Date "06.08.2014"]
[Round "5.79"]
[Board "2"]
[White "Joseph, Elton"]
[Black "Kouevi, Mawuvi Koue"]
[Result "1/2-1/2"]
[WhiteElo "1779"]
[BlackElo "1841"]
[WhiteTeam "Bahamas"]
[BlackTeam "Togo"]
[WhiteFideId "10400036"]
[BlackFideId "21200041"]
[EventDate "2014.08.02"]

1. c4 e5 2. Nc3 Nf6 3. e4 Bc5 4. Nf3 Nc6 5. d3 h6 6. h3 a6 7. a3 d6 8. b4 Ba7 9.
Be3 Bxe3 10. fxe3 Nh5 11. g4 Ng3 12. Rg1 Nxf1 13. Rxf1 Be6 14. d4 Bxc4 15. Rf2
exd4 16. exd4 O-O 17. Qc2 d5 18. e5 Qe7 19. O-O-O Na7 20. h4 Nb5 21. Nxb5 axb5
22. Kb2 Ra4 23. Qc3 Rfa8 24. Ra1 Qe6 25. g5 h5 26. g6 fxg6 27. Ng5 Qg4 28. Qf3
Qxf3 29. Rxf3 Rf8 30. Rxf8+ Kxf8 31. Re1 Ra8 32. Re3 Ke7 33. Nh7 Rh8 34. Ng5 Rf8
35. Rf3 Rf5 36. Kc2 Be2 37. Rxf5 gxf5 38. Kd2 Bg4 39. Ke3 b6 40. Kf4 g6 41. Nh7
Kf7 42. Nf6 Ke6 43. Ne8 Kd7 44. Nf6+ Ke6 45. Ne8 Kd7 46. Nf6+ Ke6 1/2-1/2

[Event "Olimpiade 2014 - Open"]
[Site "Tromsø"]
[Date "06.08.2014"]
[Round "5.79"]
[Board "3"]
[White "Fumey, Enyonam Sewa"]
[Black "Knowles, Kendrick"]
[Result "0-1"]
[WhiteElo "1833"]
[BlackElo "1688"]
[WhiteTeam "Togo"]
[BlackTeam "Bahamas"]
[WhiteFideId "21200033"]
[BlackFideId "10400451"]
[EventDate "2014.08.02"]

1. e4 g6 2. Nf3 Bg7 3. Bc4 Nf6 4. Qe2 d6 5. O-O O-O 6. d4 c6 7. c3 Bg4 8. h3
Bxf3 9. Qxf3 Nbd7 10. Be3 b5 11. Bb3 Rc8 12. Nd2 c5 13. a4 a6 14. Qe2 c4 15. Bc2
e5 16. f4 Nh5 17. Qf2 exf4 18. Bxf4 Nxf4 19. Qxf4 Qb6 20. Ra2 b4 21. a5 Qa7 22.
Ba4 Ne5 23. Kh1 Nd3 24. Qxd6 b3 25. Raa1 Nxb2 26. Bc6 Rfd8 27. Qa3 Rxc6 28. Qxb2
Qb7 29. Ra4 Rdc8 30. e5 Qd7 31. Ne4 h6 32. Nd6 Rxd6 33. exd6 Qxa4 34. Qf2 Qd7
35. Qf4 g5 36. Qf3 Rc6 37. Qd5 Qxd6 38. Qxf7+ Kh7 39. Qb7 Rc7 40. Qb8 Rd7 41.
Qc8 Qc7 42. Qxa6 Rf7 43. Rd1 Bf8 44. Qe6 Qf4 45. Qxc4 Bd6 46. Qd3+ Kg7 47. g3
Qxg3 48. Qxg3 Bxg3 49. Rb1 Ra7 50. Rxb3 Rxa5 51. c4 Bf4 52. Kg2 h5 53. Kf3 h4
54. Ke4 Kf6 55. c5 Ke6 56. d5+ Kd7 57. Rc3 Ra4+ 58. Kf5 Rd4 59. d6 Rd5+ 60. Ke4
Kc6 61. Rc2 Rxc5 62. d7 Bc7 63. Rxc5+ Kxc5 64. Kf5 Bd8 65. Ke4 Kd6 66. Kf5 Kxd7
67. Ke5 Bc7+ 68. Kf5 Bf4 69. Ke4 Ke6 70. Kf3 Kf5 71. Kg2 Ke4 72. Kf2 Be3+ 73.
Kg2 Kf4 74. Kh2 Bc1 75. Kg2 Bd2 76. Kf2 Ba5 77. Kg2 Ke3 78. Kh2 Kf3 79. Kg1 Kg3
80. Kh1 Kxh3 81. Kg1 g4 82. Kf2 Kh2 0-1

[Event "Olimpiade 2014 - Open"]
[Site "Tromsø"]
[Date "06.08.2014"]
[Round "5.80"]
[Board "1"]
[White "Bah, Ebrima"]
[Black "Van Rensselaer, William"]
[Result "0-1"]
[BlackTitle "FM"]
[WhiteElo "2070"]
[BlackElo "1908"]
[WhiteTeam "Gambia"]
[BlackTeam "US Virgin Isles"]
[WhiteFideId "21100039"]
[BlackFideId "6800165"]
[EventDate "2014.08.02"]

1. e4 c6 2. d4 d5 3. e5 Bf5 4. Nf3 e6 5. Bd3 Bxd3 6. Qxd3 Nd7 7. O-O c5 8. c3
Ne7 9. Be3 Nc6 10. a3 Be7 11. Nbd2 O-O 12. Ne1 cxd4 13. cxd4 Qb6 14. b4 a6 15.
f4 f5 16. exf6 Bxf6 17. Nef3 Qd8 18. Ne5 Ncxe5 19. fxe5 Be7 20. Rxf8+ Bxf8 21.
Rf1 Rc8 22. Nb3 Nb6 23. Nc5 Bxc5 24. dxc5 Nc4 25. Bf4 Qd7 26. Rc1 Qa4 27. Rc3
Rf8 28. g3 Rf5 29. h4 Nxe5 30. Qe2 d4 31. Bxe5 dxc3 32. Bxc3 Qd7 33. a4 Rd5 34.
Kh2 Rd3 35. Qe5 Rd5 36. Qb8+ Kf7 37. Qf4+ Rf5 38. Qg4 g6 39. Qe4 Qd5 40. Qxd5
Rxd5 41. Kg2 e5 42. Kf2 e4 43. Bh8 Rd3 44. b5 axb5 45. axb5 Ke6 46. Bg7 Kd5 47.
c6 bxc6 48. bxc6 Kxc6 49. Bh6 Rf3+ 50. Kg2 Kd5 51. Bg5 h5 52. Bh6 Kc4 53. Bg5
Kd3 54. Bh6 Ke2 55. Bg5 e3 56. Bd8 Rf2+ 57. Kg1 Kf3 58. Bb6 Rg2+ 59. Kh1 e2 60.
Ba5 Rxg3 61. Be1 Rg2 62. Bb4 Kf2 63. Bc5+ Kf1 64. Bb4 Rg4 0-1

[Event "Olimpiade 2014 - Open"]
[Site "Tromsø"]
[Date "06.08.2014"]
[Round "5.80"]
[Board "2"]
[White "Massana, Jorge"]
[Black "Dalliah, Joseph"]
[Result "1/2-1/2"]
[WhiteTitle "CM"]
[WhiteElo "2180"]
[BlackElo "2060"]
[WhiteTeam "US Virgin Isles"]
[BlackTeam "Gambia"]
[WhiteFideId "3100073"]
[BlackFideId "21100055"]
[EventDate "2014.08.02"]

1. e4 e5 2. Nf3 d6 3. d4 exd4 4. Nxd4 Nf6 5. Nc3 Be7 6. Bc4 a6 7. a4 c5 8. Nde2
Nc6 9. O-O Ne5 10. Ba2 Qc7 11. f4 Ng6 12. f5 Ne5 13. Nf4 Bd7 14. h3 Bc6 15. Qe2
O-O-O 16. Bd2 g6 17. fxg6 hxg6 18. Nfd5 Nxd5 19. Bxd5 Rdf8 20. Bf4 Kb8 21. Bxe5
dxe5 22. Rxf7 Rxf7 23. Bxf7 Qb6 24. b3 c4+ 25. Kh2 Bg5 26. Bxc4 Bd7 27. Nd5 Bf4+
28. Nxf4 exf4 29. e5 Bf5 30. Rf1 g5 31. e6 Qc7 32. Kg1 Qc5+ 33. Qf2 Qd6 34. Re1
g4 35. e7 Re8 36. Qe2 Qd4+ 37. Kh1 gxh3 38. Qe5+ Qxe5 39. Rxe5 hxg2+ 40. Kxg2
Bg6 41. Bd3 Bf7 42. Kf3 Kc7 43. Kxf4 Kd6 44. a5 Be6 45. Bg6 Rxe7 46. Bf5 Bxf5
47. Rxe7 Kxe7 48. Kxf5 Kd6 49. Ke4 Kc5 50. c4 Kb4 51. Kd5 Kxb3 52. c5 Kb4 53. c6
bxc6+ 54. Kxc6 Kxa5 55. Kc5 Ka4 56. Kc4 Ka3 57. Kc3 a5 58. Kc2 Ka2 59. Kc1 a4
60. Kc2 1/2-1/2

[Event "Olimpiade 2014 - Open"]
[Site "Tromsø"]
[Date "06.08.2014"]
[Round "5.84"]
[Board "1"]
[White "Lettsome, Maurice"]
[Black "Hernandez, Roberto PLW"]
[Result "0-1"]
[WhiteElo "1783"]
[BlackElo "1845"]
[WhiteTeam "British Virgin Isles"]
[BlackTeam "Palau"]
[WhiteFideId "2700093"]
[BlackFideId "16600010"]
[EventDate "2014.08.02"]

1. c4 Nf6 2. Nf3 g6 3. g3 Bg7 4. Bg2 O-O 5. Nc3 d6 6. O-O Nbd7 7. d4 c5 8. e4
cxd4 9. Nxd4 a6 10. h3 Ne5 11. b3 Bd7 12. Be3 Nc6 13. Rc1 Qa5 14. Nxc6 Bxc6 15.
Nd5 Bxd5 16. exd5 Nd7 17. Qd2 Qc7 18. Bh6 Ne5 19. Bxg7 Kxg7 20. Qc3 f6 21. f4
Nd7 22. b4 Rac8 23. Qd4 a5 24. a3 axb4 25. axb4 Ra8 26. Ra1 Rxa1 27. Rxa1 Rc8
28. Ra7 Nb6 29. c5 dxc5 30. Qxc5 Qxc5+ 31. bxc5 Rxc5 32. Rxb7 Nc8 33. d6 Nxd6
34. Rxe7+ Kg8 35. h4 Nf5 36. Re8+ Kf7 37. Rd8 Nxg3 38. Rd7+ Ke6 39. Rxh7 Ne2+
40. Kf2 Nxf4 41. Kf3 Kf5 42. Kg3 Rc3+ 43. Bf3 Ne2+ 44. Kf2 Nd4 45. Bb7 Kf4 46.
Rd7 Rc2+ 47. Ke1 Nf5 48. h5 gxh5 49. Rd5 h4 50. Rd3 Ne3 51. Rd4+ Kg5 52. Be4 f5
53. Bf3 h3 54. Rd2 Kf4 55. Bh1 Rc1+ 56. Ke2 Rxh1 57. Rd4+ Ke5 58. Rh4 h2 0-1

[Event "Olimpiade 2014 - Open"]
[Site "Tromsø"]
[Date "06.08.2014"]
[Round "5.84"]
[Board "2"]
[White "Montel Jr, Cyril Tomas"]
[Black "Christopher, Art"]
[Result "1-0"]
[WhiteElo "1848"]
[BlackElo "1668"]
[WhiteTeam "Palau"]
[BlackTeam "British Virgin Isles"]
[WhiteFideId "16600037"]
[BlackFideId "2700085"]
[EventDate "2014.08.02"]

1. d4 d5 2. c4 c6 3. Nc3 Nf6 4. e3 Bf5 5. Nf3 Nbd7 6. Be2 e6 7. O-O Be7 8. Nh4
O-O 9. cxd5 Nxd5 10. Nxf5 exf5 11. Nxd5 cxd5 12. Bd3 g6 13. Qf3 Nf6 14. Qe2 a6
15. f3 Re8 16. Bd2 Bf8 17. Qf2 Bg7 18. Rac1 Qd7 19. b3 b5 20. Rfe1 Re6 21. Rc5
Rc6 22. Rec1 Rac8 23. Qg3 Bf8 24. Rxc6 Rxc6 25. Rxc6 Nh5 26. Qc7 Qxc7 27. Rxc7
f4 28. e4 dxe4 29. Bxe4 Nf6 30. Bb7 a5 31. Bxa5 Kg7 32. d5 Ne8 33. Bc3+ Kg8 34.
Rc8 Nd6 35. Rb8 1-0

[Event "Olimpiade 2014 - Open"]
[Site "Tromsø"]
[Date "06.08.2014"]
[Round "5.85"]
[Board "1"]
[White "Olape, Bunmi"]
[Black "Obodchuk, Andrei"]
[Result "0-1"]
[WhiteTitle "IM"]
[BlackTitle "IM"]
[WhiteElo "2273"]
[BlackElo "2372"]
[WhiteTeam "Nigeria"]
[BlackTeam "IPCA"]
[WhiteFideId "8500290"]
[BlackFideId "4114310"]
[EventDate "2014.08.02"]

1. e4 c5 2. Nf3 Nc6 3. Nc3 d6 4. d4 cxd4 5. Nxd4 Nf6 6. Bg5 e6 7. f4 h6 8. Bh4
Be7 9. Qd3 Nxd4 10. Qxd4 O-O 11. O-O-O Qa5 12. Be2 e5 13. fxe5 dxe5 14. Qd3 Be6
15. Bxf6 Bxf6 16. Kb1 Rad8 17. Nd5 Bxd5 18. exd5 e4 19. Qxe4 Qb6 20. c3 Bxc3 21.
Qc2 Bf6 22. Bc4 Rc8 23. Rd2 Qb4 0-1

[Event "Olimpiade 2014 - Open"]
[Site "Tromsø"]
[Date "06.08.2014"]
[Round "5.85"]
[Board "2"]
[White "Yarmonov, Igor"]
[Black "Kigigha, Bomo"]
[Result "1-0"]
[WhiteTitle "IM"]
[BlackTitle "CM"]
[WhiteElo "2329"]
[BlackElo "2197"]
[WhiteTeam "IPCA"]
[BlackTeam "Nigeria"]
[WhiteFideId "14114496"]
[BlackFideId "8500037"]
[EventDate "2014.08.02"]

1. d4 d5 2. Nf3 Nf6 3. e3 c5 4. c3 e6 5. Nbd2 Be7 6. Bd3 O-O 7. O-O Nc6 8. Qe2
cxd4 9. exd4 a6 10. Ne5 Nxe5 11. dxe5 Nd7 12. Nb3 Nc5 13. Nxc5 Bxc5 14. Be3 Qb6
15. Bxc5 Qxc5 16. Rad1 Bd7 17. Bb1 Bb5 18. Qc2 f5 19. exf6 g6 20. Rfe1 Rxf6 21.
Rd4 Raf8 22. f3 Re8 23. Qf2 e5 24. Rd2 Qxf2+ 25. Kxf2 Bc6 26. Kg3 Kg7 27. h4 e4
28. fxe4 dxe4 29. Rde2 Rfe6 30. Kf4 e3 31. Rxe3 Rxe3 32. Rxe3 Rxe3 33. Kxe3 Bxg2
34. c4 Kf6 35. b4 h5 36. Kf4 Bc6 37. c5 Ba4 38. Be4 Bc6 39. Bxc6 bxc6 40. a4 Ke6
41. Kg5 Kf7 42. a5 Ke6 43. Kxg6 Kd5 44. Kxh5 Kc4 45. Kg4 1-0

[Event "Olimpiade 2014 - Open"]
[Site "Tromsø"]
[Date "06.08.2014"]
[Round "5.85"]
[Board "3"]
[White "Balogun, Oluwafemi"]
[Black "Vodyasov, Evgeny"]
[Result "1/2-1/2"]
[WhiteTitle "CM"]
[BlackTitle "IM"]
[WhiteElo "2187"]
[BlackElo "2226"]
[WhiteTeam "Nigeria"]
[BlackTeam "IPCA"]
[WhiteFideId "8501246"]
[BlackFideId "4135164"]
[EventDate "2014.08.02"]

1. Nf3 d5 2. g3 c6 3. Bg2 Bg4 4. d3 Nd7 5. O-O Ngf6 6. Qe1 e5 7. e4 dxe4 8. dxe4
Be7 9. Nbd2 O-O 10. Nc4 Qc7 11. a4 a5 12. Bd2 b6 13. Bc3 Bxf3 14. Bxf3 Rfe8 15.
h4 Bf8 16. Qe2 b5 17. axb5 cxb5 18. Ne3 b4 19. Bd2 Nc5 20. Nc4 Ne6 21. c3 Rec8
22. Ne3 Nc5 23. cxb4 Nb3 24. bxa5 Nxa1 25. Rxa1 Rcb8 26. Qc4 Qxc4 27. Nxc4 Nd7
28. Bc3 Bb4 29. Rd1 Bxc3 30. bxc3 Nc5 31. Rd5 Na4 32. Nxe5 Nxc3 33. Rd3 Rc8 34.
Nc6 Rxc6 35. e5 Ne4 36. Bxe4 Rc1+ 37. Kg2 Re8 38. a6 Ra1 39. Bb7 Kf8 40. f4 Ke7
41. Kf3 Rd8 42. Rc3 Rd4 43. h5 h6 44. Rc7+ Rd7 45. Rc3 Rd4 46. Kg4 Ra5 47. Kf5
Rb4 48. Rc7+ Kf8 49. Rc8+ Ke7 50. Rg8 Rb6 51. Rxg7 Kf8 52. Rg4 Rb3 53. Ke4 Rb4+
54. Kf3 Ra3+ 55. Kg2 Rb2+ 56. Kh3 Raa2 57. Rh4 f5 58. exf6 Ra3 59. Kg4 Kf7 60.
Rh1 Kxf6 61. Rc1 Rbb3 62. Rc6+ Kf7 63. Rxh6 Rxg3+ 64. Kf5 Ra5+ 65. Ke4 Rga3 66.
Rh7+ Kg8 67. Rd7 Rxh5 68. Bd5+ Rxd5 69. Kxd5 Rxa6 70. Rd6 Rxd6+ 71. Kxd6 Kf7 72.
Ke5 Ke7 73. Kf5 Kf7 74. Kg5 Kg7 75. f5 Kf7 76. f6 Kf8 1/2-1/2

[Event "Olimpiade 2014 - Open"]
[Site "Tromsø"]
[Date "06.08.2014"]
[Round "5.85"]
[Board "4"]
[White "Valenta, Vit"]
[Black "Akinseye, Abiola"]
[Result "1-0"]
[WhiteTitle "FM"]
[WhiteElo "2132"]
[BlackElo "2156"]
[WhiteTeam "IPCA"]
[BlackTeam "Nigeria"]
[WhiteFideId "307440"]
[BlackFideId "8503010"]
[EventDate "2014.08.02"]

1. b4 Nf6 2. Bb2 e6 3. a3 b6 4. Nf3 Bb7 5. g3 d5 6. Bg2 Bd6 7. O-O Nbd7 8. d3
O-O 9. Nbd2 e5 10. Nh4 Re8 11. c4 c6 12. e4 Nf8 13. Nf5 Bc7 14. Rc1 g6 15. Nh6+
Kg7 16. Ng4 Nxg4 17. Qxg4 Bc8 18. Qe2 d4 19. c5 b5 20. f4 f6 21. Qf2 Qe7 22. Nf3
Bd7 23. h4 h6 24. f5 Nh7 25. fxg6 Kxg6 26. h5+ Kg7 27. Nh4 Ng5 28. Nf5+ Bxf5 29.
Qxf5 Qf7 30. Rc2 Rf8 31. Bc1 Rae8 32. Bf3 Re7 33. Bg4 Bd8 34. Rcf2 Rc7 35. Kg2
Kh8 36. Bxg5 hxg5 37. h6 Kg8 38. Rh1 Qh7 39. Qf3 Qf7 40. Bh5 Qe6 41. Bg6 Kh8 42.
Qh5 Rg8 43. h7 Rgg7 44. Qxg5 Rxh7 45. Bxh7 Rxh7 46. Rxh7+ Kxh7 47. Qf5+ Qxf5 48.
Rxf5 Kg6 49. g4 a5 50. g5 a4 51. Kf3 Be7 52. Kg4 Bd8 53. gxf6 Bxf6 54. Rh5 1-0

[Event "Olimpiade 2014 - Open"]
[Site "Tromsø"]
[Date "06.08.2014"]
[Round "5.86"]
[Board "1"]
[White "Dukaczewski, Piotr"]
[Black "Stefansson, Hannes"]
[Result "0-1"]
[WhiteTitle "IM"]
[BlackTitle "GM"]
[WhiteElo "2288"]
[BlackElo "2536"]
[WhiteTeam "IBCA"]
[BlackTeam "Iceland"]
[WhiteFideId "1103520"]
[BlackFideId "2300087"]
[EventDate "2014.08.02"]

1. f4 d5 2. Nf3 Nf6 3. g3 g6 4. Bg2 Bg7 5. O-O O-O 6. d3 b6 7. c3 Bb7 8. a4 c5
9. Qc2 Nbd7 10. Na3 Qc7 11. Bd2 a6 12. b4 Rac8 13. Rab1 Ba8 14. Rfc1 Ne8 15. a5
b5 16. d4 Nd6 17. Qa2 cxd4 18. cxd4 Qa7 19. e3 Nc4 20. Ne5 Ndxe5 21. fxe5 Bh6
22. Re1 f6 23. exf6 Rxf6 24. Rbd1 Rcf8 25. Bc1 e5 26. Nxc4 dxc4 27. d5 Rd8 28.
Qb2 Bg7 29. Qd2 Rfd6 30. Bb2 e4 31. Bxg7 Qxg7 32. Bxe4 Bxd5 33. Bxd5+ Rxd5 34.
Qxd5+ Rxd5 35. Rxd5 Qc3 36. Re2 Qxb4 37. e4 c3 38. Rd8+ Kg7 39. Rc8 Qd4+ 40. Kg2
Qe5 41. Re3 b4 42. Rc4 Qxa5 43. Kh3 Qb6 0-1

[Event "Olimpiade 2014 - Open"]
[Site "Tromsø"]
[Date "06.08.2014"]
[Round "5.86"]
[Board "2"]
[White "Gretarsson, Hjorvar Steinn"]
[Black "Meshkov, Yuri A."]
[Result "1-0"]
[WhiteTitle "GM"]
[BlackTitle "IM"]
[WhiteElo "2543"]
[BlackElo "2357"]
[WhiteTeam "Iceland"]
[BlackTeam "IBCA"]
[WhiteFideId "2302241"]
[BlackFideId "4107101"]
[EventDate "2014.08.02"]

1. d4 e6 2. c4 b6 3. e4 Bb7 4. Bd3 Bb4+ 5. Bd2 Bxd2+ 6. Nxd2 Nc6 7. Ne2 e5 8. d5
Nce7 9. f4 d6 10. fxe5 dxe5 11. c5 Nf6 12. Nc4 O-O 13. c6 Bc8 14. Nxe5 Nexd5 15.
exd5 Qxd5 16. Nd7 Bxd7 17. cxd7 Qxg2 18. Rg1 Qxh2 19. Qa4 Rfd8 20. Bb5 a6 21.
Bc6 b5 22. Qb4 Nxd7 23. Bxa8 Ne5 24. Qe7 Rxa8 25. O-O-O g6 26. Kb1 Rf8 27. Ng3
Nf3 28. Nf5 Qe5 29. Qxe5 Nxe5 30. Ne3 h5 31. Nd5 Kg7 32. Nxc7 h4 33. Rge1 Nf3
34. Re3 Ng5 35. Rg1 Kh6 36. Rh1 Kh5 37. Nd5 Nh7 38. Nf4+ Kg4 39. Ng2 g5 40. Nxh4
gxh4 41. Re4+ Kg5 42. Rexh4 Nf6 43. Rh8 Rxh8 44. Rxh8 Ne4 45. Kc2 f5 46. Kd3 Kf4
47. b4 Kf3 48. Rh6 f4 49. Rxa6 Ng3 50. a4 bxa4 51. b5 Ne4 52. Kd4 Ng5 53. Rxa4
Kg3 54. b6 Nf7 55. Ke4 1-0

[Event "Olimpiade 2014 - Open"]
[Site "Tromsø"]
[Date "06.08.2014"]
[Round "5.86"]
[Board "3"]
[White "Stachanczyk, Jacek"]
[Black "Kjartansson, Gudmundur"]
[Result "0-1"]
[WhiteTitle "FM"]
[BlackTitle "IM"]
[WhiteElo "2299"]
[BlackElo "2448"]
[WhiteTeam "IBCA"]
[BlackTeam "Iceland"]
[WhiteFideId "1116657"]
[BlackFideId "2301318"]
[EventDate "2014.08.02"]

1. e4 d6 2. d4 Nf6 3. Nc3 g6 4. f4 Bg7 5. Nf3 O-O 6. Bd3 Nc6 7. e5 dxe5 8. fxe5
Ng4 9. Be4 f6 10. Bd5+ Kh8 11. h3 Nh6 12. exf6 exf6 13. O-O Nf5 14. Re1 Nce7 15.
Bb3 g5 16. Qd3 Ng6 17. Bd2 Ngh4 18. Nxh4 Nxh4 19. Ne4 Bf5 20. c3 Bg6 21. Qb5 b6
22. Be6 h6 23. Ng3 f5 24. Bd5 f4 25. Nh1 Rf5 26. Re5 Bxe5 27. dxe5 Be8 0-1

[Event "Olimpiade 2014 - Open"]
[Site "Tromsø"]
[Date "06.08.2014"]
[Round "5.86"]
[Board "4"]
[White "Thorhallsson, Throstur"]
[Black "Mueller, Oliver"]
[Result "1-0"]
[WhiteTitle "GM"]
[BlackTitle "FM"]
[WhiteElo "2426"]
[BlackElo "2312"]
[WhiteTeam "Iceland"]
[BlackTeam "IBCA"]
[WhiteFideId "2300109"]
[BlackFideId "4633385"]
[EventDate "2014.08.02"]

1. e4 c5 2. Nf3 e6 3. c3 Nf6 4. e5 Nd5 5. d4 cxd4 6. Qxd4 Nc6 7. Qe4 f5 8. exf6
Nxf6 9. Qh4 Qa5 10. Bg5 Be7 11. Nbd2 Ne5 12. O-O-O Ng6 13. Qc4 O-O 14. Bd3 d5
15. Qb3 Bd7 16. Bc2 Rac8 17. Nd4 b5 18. a3 Ne5 19. Rhe1 Nc4 20. Nxe6 Rf7 21. Nf4
Nxa3 22. Rxe7 Nxc2 23. Rxf7 Nd4 24. Rxg7+ Kxg7 25. Bxf6+ Kxf6 26. Ne4+ dxe4 27.
Rxd4 Qa1+ 28. Kc2 Bf5 29. Nd5+ Kg7 30. Ne3 Rf8 31. Qxb5 Bg6 32. Rd7+ Kg8 33.
Qd5+ Bf7 34. Qg5+ Bg6 35. Rd8 Qa6 36. Qd5+ Bf7 37. Rxf8+ Kxf8 38. Qd8+ Be8 39.
Kd2 Qb7 40. Qd6+ Kg7 41. Qe5+ Kf8 42. Qh8+ Ke7 43. Nf5+ Ke6 44. Nd4+ Ke7 45. b4 1-0

[Event "Olimpiade 2014 - Open"]
[Site "Tromsø"]
[Date "08.08.2014"]
[Round "6.1"]
[Board "3"]
[White "Mamedov, Rauf"]
[Black "Nigalidze, Gaioz"]
[Result "1-0"]
[WhiteTitle "GM"]
[BlackTitle "GM"]
[WhiteElo "2659"]
[BlackElo "2542"]
[WhiteTeam "Azerbaijan"]
[BlackTeam "Georgia"]
[WhiteFideId "13401653"]
[BlackFideId "13603078"]
[EventDate "2014.08.02"]

1. e4 c5 2. Nf3 d6 3. Nc3 Nf6 4. d4 cxd4 5. Nxd4 a6 6. h3 e5 7. Nde2 Be7 8. g4
Be6 9. Bg2 O-O 10. O-O Nbd7 11. Ng3 b5 12. Be3 Nb6 13. b3 Rc8 14. Qd2 Qc7 15.
Nd5 Nbxd5 16. exd5 Bd7 17. Rfc1 Qc3 18. Qxc3 Rxc3 19. Bd2 Rc7 20. Ba5 Rcc8 21.
c4 bxc4 22. bxc4 Rb8 23. Rab1 Rfc8 24. Rb3 Rb5 25. Bd2 Rbc5 26. Rb7 R8c7 27. Rb4
a5 28. Rb8+ Rc8 29. Rb7 R8c7 30. Rxc7 Rxc7 31. Bf1 Rb7 32. Bxa5 Ra7 33. Bc3 Rxa2
34. Rb1 Ra7 35. Rb8+ Ne8 36. Nf5 Kf8 37. c5 dxc5 38. d6 Bf6 39. Ng3 Bc6 40. Bg2
Bxg2 41. Kxg2 Rd7 42. Ne4 Bd8 43. Bxe5 1-0

[Event "Olimpiade 2014 - Open"]
[Site "Tromsø"]
[Date "08.08.2014"]
[Round "6.1"]
[Board "4"]
[White "Shanava, Konstantine"]
[Black "Safarli, Eltaj"]
[Result "0-1"]
[WhiteTitle "GM"]
[BlackTitle "GM"]
[WhiteElo "2563"]
[BlackElo "2649"]
[WhiteTeam "Georgia"]
[BlackTeam "Azerbaijan"]
[WhiteFideId "13601784"]
[BlackFideId "13402129"]
[EventDate "2014.08.02"]

1. e4 e5 2. Nc3 Nf6 3. f4 d5 4. fxe5 Nxe4 5. Nf3 Be7 6. Qe2 Nxc3 7. dxc3 O-O 8.
Bf4 c5 9. O-O-O Qa5 10. a3 Be6 11. h4 Nc6 12. Ng5 c4 13. Qf3 Rad8 14. Kb1 Bf5
15. Bc1 Be4 16. Qg3 Bxc2+ 17. Kxc2 Qa4+ 18. Kd2 d4 19. Ke1 dxc3 20. Rxd8 Rxd8
21. Qxc3 Qd1+ 22. Kf2 Bc5+ 23. Be3 Rd2+ 24. Kg1 Rc2 25. Bxc5 Rxc3 26. bxc3 h6
27. Nf3 Qc1 28. Rh3 Qxc3 29. Bf2 Qc1 30. e6 fxe6 31. Nd4 Ne5 32. Nxe6 c3 33. Bd4
c2 34. Bxe5 Qxf1+ 35. Kxf1 c1=Q+ 36. Kf2 Qd2+ 37. Kf1 Qd5 38. Bxg7 Qxe6 39. Rg3
Kf7 40. Kg1 Qd6 41. Kh2 b5 42. Bb2 a5 43. Bc1 h5 44. Bb2 Qf4 45. Kh3 Qf5+ 46.
Kh2 Qe4 47. Rf3+ Ke6 48. Rh3 Qf4+ 49. Kh1 Qd2 50. Bh8 Qc1+ 51. Kh2 Qf4+ 52. Kh1
a4 53. Bb2 Qd2 54. Bh8 Kf7 55. Rf3+ Kg6 56. Rg3+ Kh7 57. Bf6 Qd1+ 58. Kh2 Qd6
59. Bg5 b4 60. axb4 a3 61. Be7 Qf4 62. Bf6 Qxb4 63. Kh3 a2 64. Bc3 Qe4 65. Rg7+
Kh6 66. Rg3 Qf5+ 67. Kh2 Qd7 68. Bf6 Kh7 69. Rg5 Qa4 70. Rg7+ Kh6 71. Rg3 Qe4
72. Bg7+ Kh7 73. Bf6 Qf4 74. Bc3 Qxh4+ 75. Rh3 Qf4+ 76. Kh1 Kg6 77. Rf3 Qc7 78.
Bh8 h4 79. Bd4 Kh5 80. Bf6 Kg4 81. Bh8 Qc8 82. Be5 Qc5 83. Bh8 Qc7 84. Bb2 Qc8
85. Be5 Qc1+ 86. Kh2 Qc5 87. Bh8 Qb5 88. Bc3 Qc5 89. Bh8 Qd6+ 90. Kh1 Qc7 91.
Bb2 Qh7 92. Bc3 Qb1+ 93. Kh2 Qc1 94. Be5 Qe1 95. Bc3 Qd1 96. Be5 Qc1 97. Bc3 Qg5
98. Kh1 Qc5 99. Bh8 Kg5 100. Bb2 Qb4 101. Bf6+ Kg6 0-1

[Event "Olimpiade 2014 - Open"]
[Site "Tromsø"]
[Date "08.08.2014"]
[Round "6.2"]
[Board "1"]
[White "Ivanisevic, Ivan"]
[Black "Topalov, Veselin"]
[Result "0-1"]
[WhiteTitle "GM"]
[BlackTitle "GM"]
[WhiteElo "2613"]
[BlackElo "2772"]
[WhiteTeam "Serbia"]
[BlackTeam "Bulgaria"]
[WhiteFideId "912417"]
[BlackFideId "2900084"]
[EventDate "2014.08.02"]

1. c4 Nf6 2. Nc3 e5 3. Nf3 Nc6 4. g3 d5 5. cxd5 Nxd5 6. Bg2 Nb6 7. a4 a5 8. d3
Be7 9. Be3 Be6 10. Bxb6 cxb6 11. O-O O-O 12. e3 Rc8 13. Nb5 Bf6 14. Rc1 Re8 15.
Nd2 Re7 16. Ne4 Rd7 17. Nxf6+ Qxf6 18. d4 exd4 19. exd4 g6 20. Rc3 Qf5 21. Re1
Rcd8 22. Bxc6 bxc6 23. Rxc6 Bd5 24. Rc3 Bb7 25. Qc1 Qd5 26. f3 Ba6 27. Re4 Bxb5
28. axb5 Qxb5 29. Rc8 Qf5 30. Qc6 Rxc8 31. Qxc8+ Kg7 32. Kg2 Rd6 33. Qc7 Qd5 34.
Rf4 Rd7 35. Qxb6 Rb7 36. Qf6+ Kg8 37. Kh3 Rxb2 38. Qe5 Qxe5 39. dxe5 Re2 40. Rf6
Rxe5 41. g4 Re6 42. Rf4 Kf8 43. Ra4 Ra6 44. Kg3 Ke7 45. Kf4 Kd6 46. Kg5 Ra7 47.
Kh6 f6 48. h4 Kc5 49. h5 gxh5 50. gxh5 Kb5 51. Ra1 a4 52. f4 a3 53. f5 a2 54.
Rc1 a1=Q 0-1

[Event "Olimpiade 2014 - Open"]
[Site "Tromsø"]
[Date "08.08.2014"]
[Round "6.2"]
[Board "2"]
[White "Cheparinov, Ivan"]
[Black "Perunovic, Milos"]
[Result "1/2-1/2"]
[WhiteTitle "GM"]
[BlackTitle "GM"]
[WhiteElo "2681"]
[BlackElo "2602"]
[WhiteTeam "Bulgaria"]
[BlackTeam "Serbia"]
[WhiteFideId "2905540"]
[BlackFideId "921629"]
[EventDate "2014.08.02"]

1. d4 Nf6 2. Nf3 d5 3. c4 e6 4. g3 dxc4 5. Bg2 Nc6 6. Qa4 Bb4+ 7. Bd2 Bd6 8. O-O
O-O 9. Nc3 e5 10. d5 Ne7 11. Qxc4 h6 12. Nh4 a6 13. a4 Rb8 14. Rfd1 Bd7 15. b4
b5 16. axb5 axb5 17. Qb3 Nc8 18. Qb1 Nb6 19. Nf5 Bxf5 20. Qxf5 Nc4 21. Be1 Bxb4
22. Rab1 Nd6 23. Qc2 Ba5 24. Rb3 Nd7 25. Ra1 Bb6 26. e3 f5 27. Nxb5 f4 28. Nxd6
cxd6 29. Rab1 fxe3 30. fxe3 Bc5 31. Bh3 Rxb3 32. Rxb3 Nf6 33. Be6+ Kh8 34. Qe2
Qa8 35. Rd3 Rb8 36. Kg2 Qa1 37. Rd1 Qa3 38. Bf2 Rb3 39. Rd2 Rb8 40. Ra2 Qb4 41.
Qc2 Qb6 42. Qd3 Qb4 43. Qc2 Qb6 1/2-1/2